MARC details
| 000 -CABECERA |
| campo de control de longitud fija |
01497nam a2200289 a 4500 |
| 003 - IDENTIFICADOR DEL NÚMERO DE CONTROL |
| campo de control |
DO-SdBNP |
| 005 - FECHA Y HORA DE LA ÚLTIMA TRANSACCIÓN |
| campo de control |
20260225123203.0 |
| 007 - CAMPO FIJO DE DESCRIPCIÓN FÍSICA--INFORMACIÓN GENERAL |
| campo de control de longitud fija |
ta |
| 008 - DATOS DE LONGITUD FIJA--INFORMACIÓN GENERAL |
| campo de control de longitud fija |
220518e2004 dr abo|gr|||| 001 0 spa d |
| 040 ## - FUENTE DE LA CATALOGACIÓN |
| Centro catalogador/agencia de origen |
DO-SdBNP |
| Lengua de catalogación |
spa |
| Centro/agencia transcriptor |
BNPHU |
| 082 #4 - NÚMERO DE LA CLASIFICACIÓN DECIMAL DEWEY |
| Número de edición |
22 |
| Número de documento/Ítem |
P699c |
| 245 10 - MENCIÓN DE TÍTULO |
| Título |
Plan Cigua: |
| Resto del título |
plan de desarrollo urbano para la Ciénaga y los Guandules / |
| Mención de responsabilidad, etc. |
Coordinador, Andrés Navarro; Fotografías, Alexis Peña. |
| 260 ## - PUBLICACIÓN, DISTRIBUCIÓN, ETC. |
| Lugar de publicación, distribución, etc. |
Santo Domingo : |
| Nombre del editor, distribuidor, etc. |
Ciudad Alternativa, |
| Fecha de publicación, distribución, etc. |
2004 |
| 300 ## - DESCRIPCIÓN FÍSICA |
| Extensión |
93 p. : |
| Otras características físicas |
il., fotogr., mapas |
| Dimensiones |
27 cm. |
| 505 0# - NOTA DE CONTENIDO CON FORMATO |
| Nota de contenido con formato |
Introducción. |
| 505 0# - NOTA DE CONTENIDO CON FORMATO |
| Nota de contenido con formato |
I. Generalidades. |
| Título |
1.1 Ubicación del sector Domingo Savio.-- |
| -- |
1.2 Objetivos.-- |
| -- |
1.3 Estrategias.-- |
| -- |
1.4 Política de desarroll.-- |
| -- |
1.5 Gestión y Marco Jurídico del Plan. |
| Información miscelánea |
II. Plan General.-- |
| Título |
2.1 Estructuración.-- |
| -- |
2.2 Programa de desarrollo.-- |
| -- |
2.3 Plazos de desarrollo de proyectos por programas.-- |
| Información miscelánea |
III. Plan Piloto.-- |
| Título |
3.1 Estructuración.-- |
| -- |
3.2 Relación de proyectos.-- |
| -- |
3.3. Perfiles de proyectos. |
| 590 ## - NOTA LOCAL (RLIN) |
| Nota local |
Inventariado 2022 / MF |
| 650 #4 - PUNTO DE ACCESO ADICIONAL DE MATERIA--TÉRMINO DE MATERIA |
| 9 (RLIN) |
54556 |
| Término de materia o nombre geográfico como elemento de entrada |
Desarrollo Urbano |
| Subdivisión geográfica |
República Dominicana, La Ciénaga |
| 650 #4 - PUNTO DE ACCESO ADICIONAL DE MATERIA--TÉRMINO DE MATERIA |
| Término de materia o nombre geográfico como elemento de entrada |
Desarrollo Urbano |
| Subdivisión geográfica |
República Dominicana, Los Guandules |
| 9 (RLIN) |
81646 |
| 650 #4 - PUNTO DE ACCESO ADICIONAL DE MATERIA--TÉRMINO DE MATERIA |
| 9 (RLIN) |
667 |
| Término de materia o nombre geográfico como elemento de entrada |
Renovación Urbana |
| Subdivisión geográfica |
Santo Domingo (República Dominicana) |
| 650 #0 - PUNTO DE ACCESO ADICIONAL DE MATERIA--TÉRMINO DE MATERIA |
| Término de materia o nombre geográfico como elemento de entrada |
|
| 9 (RLIN) |
75889 |
| 700 1# - PUNTO DE ACCESO ADICIONAL--NOMBRE DE PERSONA |
| 9 (RLIN) |
59181 |
| Nombre de persona |
Navarro, Andrès |
| Término indicativo de función/relación |
coord. |
| 700 1# - PUNTO DE ACCESO ADICIONAL--NOMBRE DE PERSONA |
| 9 (RLIN) |
5700 |
| Nombre de persona |
Peña, Alexis |
| Término indicativo de función/relación |
fotogr. |
| 710 2# - PUNTO DE ACCESO ADICIONAL--NOMBRE DE ENTIDAD CORPORATIVA |
| Nombre de entidad corporativa o nombre de jurisdicción como elemento de entrada |
Ciudad Alternativa (Firma comercial : Santo Domingo, República Dominicana) |
| 9 (RLIN) |
81582 |
| 910 ## - DATOS DE OPCIÓN DEL USUARIO (OCLC) |
| Datos de opción del usuario |
MFeliz |
| 942 ## - ELEMENTOS DE PUNTO DE ACCESO ADICIONAL (KOHA) |
| Fuente del sistema de clasificación o colocación |
Dewey Decimal Classification |
| Tipo de ítem Koha |
Libro |